Corey Haim Movies Quiz Stats

 Plays Quiz not verified by Sporcle

Challenge
Share
Tweet
Embed
Score 0/21 Timer 06:00
0 Plays Today
Character Movie % Correct
SamLost Boys
95.4%
DingerDream a Little Dream
90.8%
Les AndersonLicense to Drive
89.9%
{Title Character}Lucas
84.3%
Marty CoSilver Bullet
66.4%
RichBlown Away
61.3%
Brian LivingstonFirst Born
53%
Travis CornellWatchers
52.1%
GriffinPrayer of the Rollerboys
51.6%
Barry DavisDream Machine
47%
Jake MoriarityMurphy's Romance
38.7%
Character Movie % Correct
JeffSecret Admirer
36.4%
RandyCrank:High Voltage
30.9%
Det. Lou AndreasDecisions
28.6%
Chris BarrySnowboard Academy
24%
Tom MarlowAmerican Sunset
23%
Chip DavisShark City
22.6%
MaxNever Too Late
20.7%
JimUniversal Groove
17.1%
OsoThe Dead Sea
15.7%
[no name]Shooter on the Side
12.9%

You're not logged in!

Compare scores with friends on all Sporcle quizzes.
Join for Free
OR
Log In

You Might Also Like...

Show Comments

Extras

Top Quizzes Today


Score Distribution

Your Account Isn't Verified!

In order to create a playlist on Sporcle, you need to verify the email address you used during registration. Go to your Sporcle Settings to finish the process.

Report this User

Report this user for behavior that violates our Community Guidelines.

Details: